<?xml version="1.0" encoding="UTF-8"?>
<record
    xmlns:xsi="http://www.w3.org/2001/XMLSchema-instance"
    xsi:schemaLocation="http://www.loc.gov/MARC21/slim http://www.loc.gov/standards/marcxml/schema/MARC21slim.xsd"
    xmlns="http://www.loc.gov/MARC21/slim">

  <leader>01157nam a22002657a 4500</leader>
  <controlfield tag="005">20170223020002.0</controlfield>
  <controlfield tag="008">111007s2010    ck abdo r     000 0 spa d</controlfield>
  <datafield tag="020" ind1=" " ind2=" ">
    <subfield code="a">9789588067261</subfield>
  </datafield>
  <datafield tag="041" ind1="0" ind2=" ">
    <subfield code="a">spa</subfield>
  </datafield>
  <datafield tag="082" ind1="0" ind2="4">
    <subfield code="a">551.4</subfield>
    <subfield code="b">I19s</subfield>
  </datafield>
  <datafield tag="100" ind1="1" ind2=" ">
    <subfield code="a">Florez, Antonio</subfield>
    <subfield code="9">3733</subfield>
  </datafield>
  <datafield tag="245" ind1="0" ind2="0">
    <subfield code="a">Sistemas morfog&#xE9;nicos del territorio colombiano / </subfield>
    <subfield code="c">Antonio Fl&#xF3;rez...[et al.]</subfield>
  </datafield>
  <datafield tag="260" ind1=" " ind2=" ">
    <subfield code="a">Bogot&#xE1;, </subfield>
    <subfield code="b">Instituto de Hidrolog&#xED;a, Meteorolog&#xED;a y Estudios Ambientales IDEAM</subfield>
    <subfield code="c">2010.</subfield>
  </datafield>
  <datafield tag="300" ind1=" " ind2=" ">
    <subfield code="a">252 p.</subfield>
    <subfield code="b">il.,, fotos, gr&#xE1;ficas, mapas y tablas</subfield>
    <subfield code="c">28 cm.</subfield>
    <subfield code="e">1 CD-ROM CID-034519</subfield>
  </datafield>
  <datafield tag="500" ind1=" " ind2=" ">
    <subfield code="a">CD: cartograf&#xED;a 1 : 500.000, 26 mapas y una plancha de convenciones; cuadro de atributos CID-034519</subfield>
  </datafield>
  <datafield tag="504" ind1=" " ind2=" ">
    <subfield code="a">Incluye referencias bibliogr&#xE1;ficas (pag. 245-252).</subfield>
  </datafield>
  <datafield tag="650" ind1="1" ind2="4">
    <subfield code="a">Geomorfolog&#xED;a</subfield>
    <subfield code="z">Colombia</subfield>
    <subfield code="9">26940</subfield>
  </datafield>
  <datafield tag="650" ind1="2" ind2="4">
    <subfield code="a">Geograf&#xED;a f&#xED;sica</subfield>
    <subfield code="z">Colombia</subfield>
    <subfield code="9">26941</subfield>
  </datafield>
  <datafield tag="650" ind1="2" ind2="4">
    <subfield code="a">Zonificaci&#xF3;n</subfield>
    <subfield code="z">Colombia </subfield>
    <subfield code="9">26942</subfield>
  </datafield>
  <datafield tag="651" ind1=" " ind2="4">
    <subfield code="a">Colombia</subfield>
    <subfield code="x">Geograf&#xED;a</subfield>
    <subfield code="9">26943</subfield>
  </datafield>
  <datafield tag="700" ind1="1" ind2=" ">
    <subfield code="a">Barajas-Perea, Ana Felicia</subfield>
    <subfield code="9">26944</subfield>
  </datafield>
  <datafield tag="700" ind1="1" ind2=" ">
    <subfield code="a">Jaramillo-Rodr&#xED;guez, Ana Felicia</subfield>
    <subfield code="9">26945</subfield>
  </datafield>
  <datafield tag="710" ind1="2" ind2=" ">
    <subfield code="a">Instituto de Hidrolog&#xFFFD;ia, Meteorolog&#xFFFD;ia y Estudios Ambientales (Colombia)</subfield>
    <subfield code="9">26946</subfield>
  </datafield>
  <datafield tag="942" ind1=" " ind2=" ">
    <subfield code="2">ddc</subfield>
    <subfield code="c">LIBRO</subfield>
    <subfield code="0">2</subfield>
  </datafield>
  <datafield tag="999" ind1=" " ind2=" ">
    <subfield code="c">8703</subfield>
    <subfield code="d">8703</subfield>
  </datafield>
  <datafield tag="952" ind1=" " ind2=" ">
    <subfield code="0">0</subfield>
    <subfield code="1">0</subfield>
    <subfield code="2">ddc</subfield>
    <subfield code="4">0</subfield>
    <subfield code="7">0</subfield>
    <subfield code="8">GENERAL</subfield>
    <subfield code="I">INV2017</subfield>
    <subfield code="a">Bogota</subfield>
    <subfield code="b">Bogota</subfield>
    <subfield code="d">2014-09-15</subfield>
    <subfield code="e">Instituto</subfield>
    <subfield code="g">39000.00</subfield>
    <subfield code="l">2</subfield>
    <subfield code="o">LB-551.4 I19s</subfield>
    <subfield code="p">034518</subfield>
    <subfield code="r">2017-03-03 00:00:00</subfield>
    <subfield code="s">2017-02-22</subfield>
    <subfield code="t">Ej. 1</subfield>
    <subfield code="w">2014-09-15</subfield>
    <subfield code="x">Canje</subfield>
    <subfield code="y">LIBRO</subfield>
    <subfield code="z">CD-ROM Anexo cid 034519</subfield>
  </datafield>
</record>
